[Event "Campeonato de España Individual Femenino"]
[Site "Padron"]
[Date "2011.08.03"]
[Round "4"]
[White "Buiza Prieto, Eihartze"]
[Black "Pascual Palomo, Lucia"]
[Result "0-1"]
[WhiteElo "1668"]
[BlackElo "2127"]
[PlyCount "50"]
[EventDate "2011.08.01"]
[EventRounds "7"]
[EventCountry "ESP"]

1. e4 e6 2. b3 d5 3. Bb2 Nf6 4. e5 Nfd7 5. Qg4 c5 6. d4 cxd4 7. f4 Nc6 8. Nf3
Qa5+ 9. Nbd2 Nc5 10. Bd3 Ne4 11. Ke2 Nxd2 12. Nxd2 Bd7 13. Nf3 Qb6 14. f5 exf5
15. Bxf5 Bxf5 16. Qxf5 Be7 17. Rad1 O-O 18. a4 Rae8 19. Rhe1 Bb4 20. Rf1 Bd6
21. Kd2 Nxe5 22. Ng5 Ng6 23. Kc1 Re5 24. Qg4 Bc5 25. Bxd4 Bxd4 0-1

[Event "Campeonato de España Individual Femenino"]
[Site "Padron"]
[Date "2011.08.03"]
[Round "4"]
[White "Collado Barbas, Laura"]
[Black "Ruiz Font, Elisabet"]
[Result "1-0"]
[WhiteElo "2050"]
[BlackElo "1949"]
[PlyCount "81"]
[EventDate "2011.08.01"]
[EventRounds "7"]
[EventCountry "ESP"]

1. Nf3 f5 2. d3 Nf6 3. e4 d6 4. Nc3 e5 5. exf5 Bxf5 6. d4 e4 7. Nh4 Qd7 8. Be2
d5 9. Bg5 Bb4 10. Bxf6 gxf6 11. Bh5+ Ke7 12. Qd2 Nc6 13. O-O-O Rag8 14. f3 Bxc3
15. Qxc3 Bg6 16. Bg4 f5 17. Bh3 Qd6 18. g3 Rf8 19. Rhf1 Kd8 20. fxe4 fxe4 21.
Qe3 Qe7 22. Ng2 Rxf1 23. Rxf1 Rf8 24. Nf4 Bf7 25. Qb3 Qb4 26. Qxb4 Nxb4 27.
Ne6+ Bxe6 28. Rxf8+ Ke7 29. Rh8 Bxh3 30. Rxh7+ Kf6 31. Rxh3 Nxa2+ 32. Kd2 Nb4
33. Rh7 Nc6 34. c3 Ne7 35. g4 b6 36. g5+ Ke6 37. h4 c5 38. h5 cxd4 39. cxd4 a5
40. h6 Ng6 41. Rg7 1-0

[Event "Campeonato de España Individual Femenino"]
[Site "Padron"]
[Date "2011.08.03"]
[Round "4"]
[White "Beltran Ortiz, Edda Georgina"]
[Black "Cerrato Torrijos, Maria"]
[Result "0-1"]
[WhiteElo "1877"]
[BlackElo "2124"]
[PlyCount "52"]
[EventDate "2011.08.01"]
[EventRounds "7"]
[EventCountry "ESP"]

1. e4 e6 2. d4 d5 3. Nc3 Nf6 4. e5 Nfd7 5. f4 c5 6. Nf3 Nc6 7. Be3 Be7 8. Be2
O-O 9. O-O b6 10. Qd2 f5 11. exf6 Nxf6 12. Rad1 Ng4 13. Kh1 Nxe3 14. Qxe3 cxd4
15. Nxd4 Nxd4 16. Qxd4 Bc5 17. Qd2 Bb7 18. Bg4 Qf6 19. Qe2 Rae8 20. Rde1 Kh8
21. Qd3 Qh6 22. Rf3 Qh4 23. Rg3 Rxf4 24. Rxe6 Rxe6 25. Bxe6 Qf6 26. Rf3 Rxf3
0-1

[Event "Campeonato de España Individual Femenino"]
[Site "Padron"]
[Date "2011.08.03"]
[Round "4"]
[White "Pablos Tenrero, Raquel"]
[Black "Morona Minguez, Irene"]
[Result "1-0"]
[WhiteElo "1971"]
[BlackElo "1930"]
[PlyCount "79"]
[EventDate "2011.08.01"]
[EventRounds "7"]
[EventCountry "ESP"]

1. e4 c5 2. Nf3 e6 3. d4 cxd4 4. Nxd4 Nc6 5. Nc3 a6 6. g3 Qc7 7. Bg2 Nf6 8. O-O
Nxd4 9. Qxd4 Bc5 10. Bf4 d6 11. Qd3 h6 12. Rad1 e5 13. Be3 Be6 14. Bxc5 dxc5
15. Nd5 Bxd5 16. exd5 O-O 17. Rfe1 Rad8 18. d6 Qb6 19. Rxe5 Rfe8 20. Rxe8+ Nxe8
21. d7 Nf6 22. Qf5 Kf8 23. Bh3 Qc7 24. Qd3 Ke7 25. Re1+ Kf8 26. Qe3 Qd6 27. Qf3
Qc7 28. Qe2 Qd6 29. Rd1 Qc7 30. Qe3 b5 31. c4 bxc4 32. Qc3 Kg8 33. Qxc4 Qe5 34.
Qxa6 Qh5 35. Qf1 Qe5 36. b3 Qb2 37. Qa6 Ne4 38. Rf1 Ng5 39. Bg2 Rxd7 40. Qc8+
1-0

[Event "Campeonato de España Individual Femenino"]
[Site "Padron"]
[Date "2011.08.03"]
[Round "4"]
[White "Cucarella Montell, Angels"]
[Black "Boix Pons, Catalina"]
[Result "1/2-1/2"]
[WhiteElo "1938"]
[BlackElo "1900"]
[PlyCount "174"]
[EventDate "2011.08.01"]
[EventRounds "7"]
[EventCountry "ESP"]

1. e4 c5 2. Nc3 d6 3. f4 e6 4. Nf3 Nf6 5. Bc4 Be7 6. O-O O-O 7. d3 a6 8. a4 Nc6
9. e5 dxe5 10. fxe5 Nd5 11. Qe1 Nxc3 12. bxc3 Rb8 13. Qg3 Kh8 14. Ng5 Bxg5 15.
Bxg5 Qc7 16. Qe3 Ne7 17. Rf3 b5 18. axb5 axb5 19. Bb3 Nf5 20. Qe2 Bb7 21. Rh3
Qc6 22. Rf1 c4 23. dxc4 bxc4 24. Bxc4 Rfc8 25. Bd3 Ra8 26. Qg4 Ra4 27. c4 Rca8
28. Be2 Ra1 29. Rd3 Rxf1+ 30. Bxf1 Qc5+ 31. Kh1 h6 32. Bc1 Qxe5 33. Qe2 Qxe2
34. Bxe2 Ra1 35. Rd1 Nh4 36. Kg1 Nxg2 37. Kf2 Nh4 38. Rd8+ Kh7 39. Bd3+ Nf5 40.
Bb2 Rh1 41. Be5 f6 42. Bg3 h5 43. Re8 h4 44. Bb8 Kg6 45. Rxe6 Rb1 46. Bf4 Bc8
47. Re8 Bd7 48. Rd8 Be6 49. c5 Kf7 50. c6 Ne7 51. Bd6 Rb6 52. c7 Rc6 53. Ke1 f5
54. Kd2 g5 55. Bb5 Rb6 56. Be8+ Kf6 57. Bxe7+ Kxe7 58. c8=Q Bxc8 59. Rxc8 g4
60. Bh5 Kf6 61. Rg8 Ke5 62. Ke3 Rc6 63. Re8+ Kf6 64. Kd3 Kg5 65. Bf7 Kf4 66.
Bd5 Rc7 67. Rh8 h3 68. c4 Ra7 69. c5 Rc7 70. Kd4 Kg5 71. Ke5 Rxc5 72. Rg8+ Kh6
73. Rf8 Kg6 74. Rf6+ Kh7 75. Rxf5 Rc2 76. Rh5+ Kg7 77. Rg5+ Kf8 78. Rg8+ Ke7
79. Rg7+ Kf8 80. Rg8+ Ke7 81. Rxg4 Rxh2 82. Rg7+ Kf8 83. Rh7 Re2+ 84. Be4 h2
85. Kf4 Kg8 86. Rh4 Kg7 87. Kg3 Rxe4 1/2-1/2

[Event "Campeonato de España Individual Femenino"]
[Site "Padron"]
[Date "2011.08.03"]
[Round "4"]
[White "Garcia Rodriguez, Sara"]
[Black "Martin Morientes, Marta"]
[Result "0-1"]
[WhiteElo "1926"]
[BlackElo "1593"]
[PlyCount "128"]
[EventDate "2011.08.01"]
[EventRounds "7"]
[EventCountry "ESP"]

1. e4 c5 2. Nf3 d6 3. d4 cxd4 4. Nxd4 Nf6 5. Nc3 g6 6. Be3 Bg7 7. Be2 O-O 8.
O-O Nc6 9. Kh1 Qa5 10. Nb3 Qd8 11. f4 a6 12. a4 Be6 13. Nd4 Nxd4 14. Bxd4 Qc8
15. Qd3 Qc6 16. f5 Bd7 17. Rad1 Rab8 18. a5 Rbc8 19. Qe3 Rfe8 20. Bb6 Rb8 21.
Rd4 Qc8 22. Rc4 Bc6 23. Nd5 Qd7 24. Nxf6+ Bxf6 25. Bd4 d5 26. Rb4 Qd6 27. Bc5
Qc7 28. exd5 Bxd5 29. c4 Bc6 30. fxg6 hxg6 31. Bb6 Qd6 32. Rb3 Kg7 33. Qf4 Qe6
34. Bg4 Qe5 35. Bc7 Qxf4 36. Rxf4 Ra8 37. Rf2 e5 38. Re2 Kg8 39. Kg1 Bg7 40.
Re1 f5 41. Be2 e4 42. Bd1 g5 43. g3 Re6 44. Rf3 Rf8 45. Bb3 Rh6 46. Rfe3 Bd4
47. c5+ Kh7 48. Bd6 Rd8 49. Be7 Rd7 50. Bxg5 Rg6 51. Bf4 Bxc5 52. Kg2 Bxe3 53.
Bxe3 Rgd6 54. Kh3 Kg6 55. g4 Rh7+ 56. Kg3 fxg4 57. Kxg4 Rxh2 58. Bf4 Bd7+ 59.
Kg3 Rh3+ 60. Kg2 Rf6 61. Ba4 Bxa4 62. Kxh3 Rxf4 63. Kg3 Rf3+ 64. Kg2 Bc6 0-1

[Event "Campeonato de España Individual Femenino"]
[Site "Padron"]
[Date "2011.08.03"]
[Round "4"]
[White "Marin Benito, Carla"]
[Black "Acebal Muniz, Maria Concepcion"]
[Result "1-0"]
[WhiteElo "1865"]
[BlackElo "1253"]
[PlyCount "41"]
[EventDate "2011.08.01"]
[EventRounds "7"]
[EventCountry "ESP"]

1. e4 e5 2. Nf3 Nc6 3. Bc4 Nf6 4. Ng5 d5 5. exd5 Nd4 6. c3 Nf5 7. O-O Nxd5 8.
Nf3 e4 9. Re1 Nf6 10. d3 Nd6 11. dxe4 Nxc4 12. Qa4+ c6 13. Qxc4 Be7 14. Nbd2
O-O 15. Nb3 Re8 16. Bf4 Be6 17. Qe2 Bf8 18. Qc2 Qb6 19. Ng5 Bc4 20. e5 Nd7 21.
Qxh7# 1-0

[Event "Campeonato de España Individual Femenino"]
[Site "Padron"]
[Date "2011.08.03"]
[Round "4"]
[White "Juanes Garcia, Olaya"]
[Black "Gonzalez Etayo, Oihana"]
[Result "0-1"]
[WhiteElo "1735"]
[BlackElo "1803"]
[PlyCount "168"]
[EventDate "2011.08.01"]
[EventRounds "7"]
[EventCountry "ESP"]

1. e4 c5 2. Nc3 Nc6 3. f4 g6 4. Nf3 Bg7 5. Bb5 d6 6. Bxc6+ bxc6 7. O-O e6 8. d3
Ne7 9. Qe1 f5 10. Qh4 Ng8 11. Qg3 Nh6 12. Kh1 Qe7 13. Re1 Bd7 14. Bd2 O-O 15.
Ng5 fxe4 16. dxe4 e5 17. Nf3 Ng4 18. h3 exf4 19. Bxf4 Rxf4 20. Qxf4 Rf8 21. Qd2
Ne5 22. Nxe5 Bxe5 23. Rf1 Rb8 24. b3 Qh4 25. Qe3 Bd4 26. Qf3 Be6 27. Rae1 Bg7
28. Nd1 c4 29. Re2 cxb3 30. cxb3 a5 31. Rc2 c5 32. Qd3 Be5 33. Nb2 g5 34. Nc4
Bg3 35. Rf3 Bf4 36. Re2 Rf8 37. Rxf4 Qxf4 38. Rd2 g4 39. Qxd6 Qxe4 40. Qd3 Qe1+
41. Kh2 Rf1 42. Qd8+ Rf8 43. Qd3 Bf5 44. Qd5+ Kh8 45. Qe5+ Qxe5+ 46. Nxe5 Re8
47. Nxg4 Kg7 48. Kg3 h5 49. Nf2 Kf6 50. Kf3 Rc8 51. Ne4+ Ke5 52. Ng3 Bg6 53.
Re2+ Kd5 54. Rd2+ Ke6 55. Ne2 Rf8+ 56. Kg3 Ke5 57. Nc3 Bf7 58. Rf2 Rg8+ 59. Kf3
Kd4 60. Ne2+ Ke5 61. Ke3 Bd5 62. Nf4 Be4 63. Nxh5 a4 64. bxa4 c4 65. a5 c3 66.
Nf6 Rg3+ 67. Ke2 c2 68. Kd2 Bg6 69. Ng4+ Kd5 70. Ne3+ Rxe3 71. h4 Ra3 72. h5
Bh7 73. Rf7 Be4 74. Rd7+ Ke6 75. Rd8 Ke7 76. Rd4 Bh7 77. Rc4 Kd6 78. h6 Rxa5
79. a4 Rg5 80. g4 Rd5+ 81. Ke2 Bd3+ 82. Kf3 Bxc4 83. h7 c1=Q 84. h8=Q Rd3+ 0-1

[Event "Campeonato de España Individual Femenino"]
[Site "Padron"]
[Date "2011.08.03"]
[Round "4"]
[White "Moran Garcia, Aida"]
[Black "Romero Diez, Sandra"]
[Result "0-1"]
[WhiteElo "1663"]
[BlackElo "1868"]
[PlyCount "100"]
[EventDate "2011.08.01"]
[EventRounds "7"]
[EventCountry "ESP"]

1. d4 d5 2. c4 c6 3. cxd5 cxd5 4. Nc3 Nc6 5. Nf3 Nf6 6. Bf4 e6 7. a3 Be7 8. e3
Nh5 9. Ne2 Nxf4 10. Nxf4 Qb6 11. b4 Bd7 12. Bd3 a6 13. O-O Nd8 14. Ne5 Bb5 15.
Bxb5+ axb5 16. Qe2 Bf6 17. Nfd3 Nc6 18. Nf3 Ne7 19. Rfc1 Nf5 20. Qc2 O-O 21.
Qc7 Qxc7 22. Rxc7 Nd6 23. Nc5 Rfc8 24. Rxc8+ Rxc8 25. Rc1 b6 26. Nb3 Rxc1+ 27.
Nxc1 Nc4 28. Nd3 Nxa3 29. Nfe5 Nc2 30. Nd7 Bd8 31. N7e5 Bc7 32. Nc6 f6 33. Na7
Na3 34. h3 Kf7 35. Kf1 Ke7 36. Nf4 Bxf4 37. exf4 Kd7 38. Ke2 Kc7 39. Kd3 Kb7
40. Nxb5 Nxb5 41. g4 Kc6 42. h4 Nd6 43. f3 Kb5 44. Kc3 f5 45. h5 Nc4 46. g5 Ne3
47. Kd3 Ng2 48. Kc3 Nxf4 49. h6 g6 50. Kb3 Ne2 0-1

[Event "Campeonato de España Individual Femenino"]
[Site "Padron"]
[Date "2011.08.03"]
[Round "4"]
[White "Sanchez Gabin, Aranzazu"]
[Black "Laseca Arana, Irati"]
[Result "1-0"]
[WhiteElo "1724"]
[BlackElo "1478"]
[PlyCount "91"]
[EventDate "2011.08.01"]
[EventRounds "7"]
[EventCountry "ESP"]

1. Nf3 Nf6 2. c4 g6 3. b4 Bg7 4. Bb2 O-O 5. g3 d5 6. c5 c6 7. Bg2 Na6 8. a3 Nc7
9. O-O Bg4 10. h3 Bf5 11. Qb3 Qc8 12. Kh2 Be4 13. d3 Bxf3 14. Bxf3 a5 15. Nc3
axb4 16. axb4 Rxa1 17. Rxa1 Nd7 18. Na4 Nb5 19. Bxg7 Kxg7 20. Qb2+ Kg8 21. Nc3
Nd4 22. Bg2 e5 23. e3 Ne6 24. Ne2 Qc7 25. Ra7 Nb8 26. Ra1 b6 27. d4 e4 28. Qa2
b5 29. h4 f5 30. Bh3 Rf7 31. Qa8 Kg7 32. Kg1 h5 33. Kh2 Nd7 34. Bf1 Nf6 35. Ra6
Nd8 36. Nf4 Qb7 37. Qxb7 Rxb7 38. Ra8 Rd7 39. Rxd8 Ra7 40. Rc8 Ng4+ 41. Kg1 Ra6
42. Be2 Kf7 43. Bxg4 fxg4 44. Rb8 Ra7 45. Rd8 Ra1+ 46. Kg2 1-0

[Event "Campeonato de España Individual Femenino"]
[Site "Padron"]
[Date "2011.08.04"]
[Round "5"]
[White "Vega Gutierrez, Belinda"]
[Black "Hernandez Estevez, Yudania"]
[Result "1/2-1/2"]
[WhiteElo "2227"]
[BlackElo "2252"]
[PlyCount "119"]
[EventDate "2011.08.01"]
[EventRounds "7"]
[EventCountry "ESP"]

1. e4 d6 2. d4 Nf6 3. Nc3 g6 4. Bg5 Bg7 5. Qd2 h6 6. Bf4 g5 7. Bg3 Nh5 8. O-O-O
Nxg3 9. hxg3 c6 10. f4 Qa5 11. Bc4 Nd7 12. Nge2 Nb6 13. Bb3 Be6 14. Kb1 O-O-O
15. Bxe6+ fxe6 16. Nd5 Qxd2 17. Nxb6+ axb6 18. Rxd2 c5 19. c3 e5 20. dxe5 dxe5
21. Rxd8+ Rxd8 22. Kc2 exf4 23. gxf4 Rf8 24. g3 Rg8 25. Rh5 Bf8 26. fxg5 hxg5
27. Kd3 Kc7 28. Ng1 e6 29. Nf3 g4 30. Nh2 Be7 31. e5 Bg5 32. Ke4 Bc1 33. b3 Kc6
34. a4 b5 35. axb5+ Kxb5 36. Rh7 b6 37. Rb7 Bb2 38. c4+ Kc6 39. Re7 Rg6 40. Kf4
Bc1+ 41. Ke4 b5 42. Rf7 Bb2 43. Re7 Kb6 44. Rd7 Ka5 45. Ra7+ Kb6 46. Rd7 Ka5
47. Ra7+ Kb6 48. Re7 Ka5 49. Rb7 bxc4 50. bxc4 Bd4 51. Kf4 Rh6 52. Nxg4 Rh5 53.
Re7 Rf5+ 54. Ke4 Rg5 55. Kf3 Rf5+ 56. Ke4 Rg5 57. Kf4 Rf5+ 58. Ke4 Rg5 59. Kf4
Rf5+ 60. Ke4 1/2-1/2

[Event "Campeonato de España Individual Femenino"]
[Site "Padron"]
[Date "2011.08.04"]
[Round "5"]
[White "Aranaz Murillo, Amalia"]
[Black "Gutierrez Castillo, Paloma"]
[Result "1-0"]
[WhiteElo "2176"]
[BlackElo "2119"]
[PlyCount "73"]
[EventDate "2011.08.01"]
[EventRounds "7"]
[EventCountry "ESP"]

1. Nf3 Nf6 2. c4 g6 3. g3 Bg7 4. Bg2 O-O 5. O-O d6 6. d4 Nbd7 7. Nc3 e5 8. e4
exd4 9. Nxd4 Re8 10. h3 a6 11. b3 Rb8 12. Be3 Nc5 13. Qc2 Bd7 14. Rad1 Qc8 15.
b4 Ne6 16. Kh2 c5 17. Nxe6 Bxe6 18. bxc5 Bxc4 19. Rfe1 dxc5 20. Bf4 b5 21. Bxb8
Qxb8 22. Nd5 Nxd5 23. exd5 Bd4 24. Rxe8+ Qxe8 25. a3 Qd8 26. Qe4 a5 27. Rxd4
cxd4 28. Qxd4 Qd6 29. Qc3 Qc5 30. Qxa5 Qxf2 31. Qa8+ Kg7 32. d6 Qd2 33. Qc6 Bf1
34. Qd5 Qxd5 35. Bxd5 Kf6 36. g4 Bc4 37. g5+ 1-0

[Event "Campeonato de España Individual Femenino"]
[Site "Padron"]
[Date "2011.08.04"]
[Round "5"]
[White "Nieto Asencio, Maria Del Carmen"]
[Black "Redondo Arguelles, Graciela"]
[Result "0-1"]
[WhiteElo "2034"]
[BlackElo "2088"]
[PlyCount "112"]
[EventDate "2011.08.01"]
[EventRounds "7"]
[EventCountry "ESP"]

1. d4 Nf6 2. Nf3 d5 3. e3 c5 4. dxc5 Qa5+ 5. Nbd2 Qxc5 6. a3 Bg4 7. c4 e6 8. b4
Qb6 9. Bb2 Nbd7 10. Qa4 Qc6 11. Qxc6 bxc6 12. c5 Rb8 13. Bc3 a5 14. Ba6 Bxf3
15. gxf3 d4 16. Bxd4 axb4 17. Rb1 Bxc5 18. Bxc5 Nxc5 19. Bc4 Nd5 20. Bxd5 exd5
21. Ke2 Na6 22. Rhc1 Kd7 23. axb4 Rxb4 24. Rxb4 Nxb4 25. Nb3 Ra8 26. e4 Ra2+
27. Ke3 Kd6 28. Nd4 g6 29. exd5 Nxd5+ 30. Kd3 c5 31. Nb5+ Kc6 32. Nd4+ Kb6 33.
Ne2 Kb5 34. Ng3 f5 35. Rb1+ Nb4+ 36. Ke3 c4 37. Ne2 Ra3+ 38. Kd4 Rd3+ 39. Ke5
Kc5 40. Kf4 c3 41. Nc1 Rd4+ 42. Kg3 Kc4 43. Ne2 Rd2 44. Nxc3 Kxc3 45. Rc1+ Rc2
46. Ra1 Nd3 47. Ra3+ Kd2 48. Ra7 f4+ 49. Kg4 h6 50. Ra6 Rc5 51. h4 h5+ 52. Kh3
g5 53. Rg6 gxh4 54. Kxh4 Nxf2 55. Re6 Nd3 56. Kh3 Re5 0-1

[Event "Campeonato de España Individual Femenino"]
[Site "Padron"]
[Date "2011.08.04"]
[Round "5"]
[White "Garcia Vicente, Nieves"]
[Black "Pablos Tenrero, Raquel"]
[Result "1-0"]
[WhiteElo "2249"]
[BlackElo "1971"]
[PlyCount "93"]
[EventDate "2011.08.01"]
[EventRounds "7"]
[EventCountry "ESP"]

1. d4 Nf6 2. c4 e6 3. Nc3 Bb4 4. e3 O-O 5. Bd3 c5 6. Nf3 d5 7. O-O Nc6 8. a3
Ba5 9. cxd5 exd5 10. dxc5 Bxc3 11. bxc3 Bg4 12. Be2 Ne4 13. Qc2 Qa5 14. c4 Qxc5
15. Ra2 Rfe8 16. cxd5 Qxd5 17. Rd1 Qe6 18. Rb2 Rab8 19. Rb5 Rec8 20. Qb2 Qe7
21. h3 Be6 22. Qa1 a6 23. Rh5 Bb3 24. Re1 Qf6 25. Bb2 Qg6 26. Rh4 f5 27. Ne5
Nxe5 28. Bxe5 Ra8 29. Qd4 b5 30. Bf4 Rd8 31. Qe5 Qf6 32. Qxf6 Nxf6 33. Bg5 Rd6
34. Rb1 Bc2 35. Rc1 Bb3 36. Rb4 Bf7 37. a4 Nd5 38. Rd4 h6 39. Be7 Rd7 40. Ba3
Rb7 41. Bf3 Rd8 42. Rc6 b4 43. Bb2 a5 44. Rc5 Rbd7 45. Rxa5 Nc3 46. Rxb4 Nd1
47. Bd4 1-0

[Event "Campeonato de España Individual Femenino"]
[Site "Padron"]
[Date "2011.08.04"]
[Round "5"]
[White "Cerrato Torrijos, Maria"]
[Black "Garcia-Castany Musellas, Gal La"]
[Result "0-1"]
[WhiteElo "2124"]
[BlackElo "1980"]
[PlyCount "88"]
[EventDate "2011.08.01"]
[EventRounds "7"]
[EventCountry "ESP"]

1. e4 e5 2. Nf3 Nc6 3. Bb5 a6 4. Ba4 Nf6 5. O-O Be7 6. Re1 b5 7. Bb3 d6 8. c3
O-O 9. d4 Bg4 10. d5 Na5 11. Bc2 c5 12. Nbd2 Nb7 13. Nf1 Qc7 14. Ng3 c4 15. h3
Bd7 16. Nh2 Rfb8 17. f4 Ne8 18. fxe5 dxe5 19. Ng4 f6 20. Qf3 Bc5+ 21. Kh1 Ned6
22. Nh5 Be8 23. Ng3 a5 24. Ne3 b4 25. Nef5 Nxf5 26. Nxf5 Nd6 27. b3 bxc3 28.
bxc4 Nxf5 29. Qxf5 Bd4 30. Ba3 Qxc4 31. Bb3 Qc8 32. d6+ Rxb3 33. Qxc8 Rxc8 34.
axb3 Bf7 35. Bc1 c2 36. Ra3 Bc5 37. Ra1 Bxb3 38. Bd2 a4 39. Kh2 Rd8 40. Bc3
Rxd6 41. Bb2 Rd1 42. Kg3 Bd4 43. Bxd4 exd4 44. Kf2 d3 0-1

[Event "Campeonato de España Individual Femenino"]
[Site "Padron"]
[Date "2011.08.04"]
[Round "5"]
[White "Ruiz Font, Elisabet"]
[Black "Gonzalez Etayo, Oihana"]
[Result "1-0"]
[WhiteElo "1949"]
[BlackElo "1803"]
[PlyCount "63"]
[EventDate "2011.08.01"]
[EventRounds "7"]
[EventCountry "ESP"]

1. e4 c5 2. Nf3 e6 3. d4 cxd4 4. Nxd4 a6 5. c4 Nf6 6. Nc3 Qc7 7. a3 b6 8. Be3
Bb7 9. f3 d6 10. Be2 Be7 11. O-O Nbd7 12. Rc1 Rc8 13. b4 Qb8 14. Qd2 O-O 15.
Rc2 Bd8 16. Kh1 Bc7 17. Bg1 Rfe8 18. Rb1 Qa8 19. Na4 Bb8 20. Nb3 b5 21. cxb5
Rxc2 22. Qxc2 Rc8 23. Qd2 d5 24. bxa6 Bxa6 25. b5 Bb7 26. Qa5 dxe4 27. Qxa8
Bxa8 28. b6 Rc2 29. Nd4 Rd2 30. b7 Bxb7 31. Rxb7 Rxd4 32. Bxd4 1-0

[Event "Campeonato de España Individual Femenino"]
[Site "Padron"]
[Date "2011.08.04"]
[Round "5"]
[White "Boix Pons, Catalina"]
[Black "Buiza Prieto, Eihartze"]
[Result "0-1"]
[WhiteElo "1900"]
[BlackElo "1668"]
[PlyCount "120"]
[EventDate "2011.08.01"]
[EventRounds "7"]
[EventCountry "ESP"]

1. d4 Nf6 2. c4 c5 3. d5 b5 4. cxb5 a6 5. bxa6 g6 6. g3 Bxa6 7. Bg2 d6 8. Nf3
Bg7 9. O-O O-O 10. Re1 Nbd7 11. Nc3 Qa5 12. h3 Rfb8 13. e4 Qc7 14. Qc2 Ne8 15.
h4 Nb6 16. Nd2 Qa7 17. Kh2 Nc7 18. f4 Nb5 19. Nxb5 Bxb5 20. e5 Qa6 21. h5 Bd3
22. Qd1 Na4 23. hxg6 fxg6 24. b3 Nc3 25. Qf3 Ne2 26. Nc4 Bxc4 27. bxc4 Nd4 28.
Qd3 Qa4 29. Rb1 Qxa2 30. Rxb8+ Rxb8 31. Qe4 Qb1 32. exd6 Qxe4 33. Rxe4 exd6 34.
Re7 Rb4 35. Bd2 Rxc4 36. Ba5 Bf8 37. Rd7 Nb5 38. Bh3 Ra4 39. Be6+ Kh8 40. Bd8
Bg7 41. Re7 Bf8 42. Rf7 Bg7 43. Re7 Bf8 44. Re8 Kg7 45. Kh3 h6 46. Bd7 Rb4 47.
Ba5 Rb3 48. f5 gxf5 49. Bxf5 Kf7 50. Re1 Nd4 51. Bd7 Nf3 52. Rf1 Ke7 53. Bg4
Ng5+ 54. Kh4 Rd3 55. Re1+ Kf7 56. Rf1+ Kg7 57. Rf5 Be7 58. Kh5 Rxg3 59. Be1 Rg1
60. Bh4 Rh1 0-1

[Event "Campeonato de España Individual Femenino"]
[Site "Padron"]
[Date "2011.08.04"]
[Round "5"]
[White "Martin Morientes, Marta"]
[Black "Marin Benito, Carla"]
[Result "0-1"]
[WhiteElo "1593"]
[BlackElo "1865"]
[PlyCount "80"]
[EventDate "2011.08.01"]
[EventRounds "7"]
[EventCountry "ESP"]

1. e4 e5 2. Nf3 Nc6 3. Bc4 Bc5 4. c3 Nf6 5. d4 exd4 6. e5 d5 7. Bb5 Ne4 8. cxd4
Bb6 9. O-O O-O 10. Nc3 Bg4 11. Bxc6 bxc6 12. Be3 f5 13. Ne2 Qd7 14. Rc1 Rae8
15. Qc2 Re6 16. Nf4 Rh6 17. Nd3 f4 18. Bxf4 Rxf4 19. Nxf4 Bxf3 20. e6 Qd6 21.
Qxc6 Qxf4 22. Qe8+ Qf8 23. Qxf8+ Kxf8 24. gxf3 Nd2 25. e7+ Kxe7 26. Rfe1+ Kd7
27. Re3 Re6 28. Kg2 Nc4 29. Rb3 Re2 30. Rb5 c6 31. Rb4 a5 32. Rb3 Rxb2 33. Rxb2
Nxb2 34. Rc2 Bxd4 35. Kf1 Kd6 36. Rd2 Bf6 37. Ke2 c5 38. Rc2 c4 39. h3 c3 40.
Rc1 d4 0-1

[Event "Campeonato de España Individual Femenino"]
[Site "Padron"]
[Date "2011.08.04"]
[Round "5"]
[White "Morona Minguez, Irene"]
[Black "Beltran Ortiz, Edda Georgina"]
[Result "1-0"]
[WhiteElo "1930"]
[BlackElo "1877"]
[PlyCount "93"]
[EventDate "2011.08.01"]
[EventRounds "7"]
[EventCountry "ESP"]

1. e4 c5 2. Nf3 Nc6 3. d4 cxd4 4. Nxd4 e6 5. Nc3 Qc7 6. f4 d6 7. Be3 a6 8. Be2
b5 9. a3 Bb7 10. O-O Nf6 11. f5 Nxd4 12. Qxd4 e5 13. Qd3 Rc8 14. Rad1 Be7 15.
Kh1 O-O 16. Bg5 Rfd8 17. Qg3 Kh8 18. Qh4 Rd7 19. Rd3 Kg8 20. Rh3 Kf8 21. g4
Nxe4 22. Bxe7+ Rxe7 23. Nxe4 Bxe4+ 24. Bf3 Qxc2 25. Qxh7 Ke8 26. Qxg7 Qe2 27.
Kg1 Qe3+ 28. Kg2 Rc2+ 29. Kg3 Qf4+ 30. Kh4 Rxh2 31. Bg2 Rxh3+ 32. Bxh3 Bf3 33.
f6 Rb7 34. Qg8+ Kd7 35. Qxf7+ Kc8 36. Qe8+ Kc7 37. Qf7+ Kb6 38. Qg6 e4 39. Kh5
Qh2 40. Kh4 Bg2 41. Rd1 Qxh3+ 42. Kg5 Qe3+ 43. Kh5 Qc5+ 44. Kh6 Qc7 45. f7 Qxf7
46. Rxd6+ Kc7 47. Qxf7+ 1-0

[Event "Campeonato de España Individual Femenino"]
[Site "Padron"]
[Date "2011.08.04"]
[Round "5"]
[White "Suarez Sanchez De la, Esperanza"]
[Black "Sanchez Gabin, Aranzazu"]
[Result "1-0"]
[WhiteElo "1795"]
[BlackElo "1724"]
[PlyCount "95"]
[EventDate "2011.08.01"]
[EventRounds "7"]
[EventCountry "ESP"]

1. e4 c5 2. Nf3 e6 3. d4 cxd4 4. Nxd4 Nf6 5. Nc3 Nc6 6. Be3 Bb4 7. Bd3 d5 8.
O-O Bxc3 9. bxc3 dxe4 10. Be2 O-O 11. Qb1 Nd5 12. Nxc6 bxc6 13. Bc5 Re8 14. Qc1
Nxc3 15. Re1 Nd5 16. c4 Nf6 17. Qe3 Qa5 18. a3 e5 19. h3 h6 20. Red1 Bf5 21. g4
Be6 22. Bb4 Qa6 23. Rac1 Rad8 24. Rxd8 Rxd8 25. Be7 Rd4 26. Bxf6 gxf6 27. Qxh6
Qxa3 28. Rb1 Qe7 29. h4 a5 30. Kh2 a4 31. g5 f5 32. g6 fxg6 33. Qxg6+ Kf8 34.
Rb8+ Rd8 35. Qh6+ Kf7 36. Bh5+ Kg8 37. Rxd8+ Qxd8 38. Qxe6+ Kg7 39. Qg6+ Kh8
40. Qh6+ Kg8 41. Bg6 Qe7 42. Bxf5 Qg7 43. Qe6+ Kh8 44. Qe8+ Qg8 45. Qxe5+ Qg7
46. Qxg7+ Kxg7 47. Bxe4 a3 48. Bb1 1-0

[Event "Campeonato de España Individual Femenino"]
[Site "Padron"]
[Date "2011.08.04"]
[Round "5"]
[White "Acebal Muniz, Maria Concepcion"]
[Black "Juanes Garcia, Olaya"]
[Result "0-1"]
[WhiteElo "1253"]
[BlackElo "1735"]
[PlyCount "70"]
[EventDate "2011.08.01"]
[EventRounds "7"]
[EventCountry "ESP"]

1. e4 e6 2. Nf3 c5 3. c4 Nc6 4. d4 cxd4 5. Nxd4 Qa5+ 6. Nc3 Bb4 7. Qd3 Nf6 8.
f3 Ne5 9. Qc2 Bxc3+ 10. Qxc3 Qxc3+ 11. bxc3 O-O 12. c5 a6 13. Bf4 d6 14. cxd6
Ng6 15. Bc1 Rd8 16. Ba3 Bd7 17. Bc5 b5 18. Bb6 Rdc8 19. Ba5 Ne8 20. Kf2 Nxd6
21. Be2 Nb7 22. Bb4 a5 23. Ba3 e5 24. Nxb5 Bxb5 25. Bxb5 Rxc3 26. Bc1 Nd6 27.
Bd7 Rd8 28. Ba4 Nc4 29. g3 Nb2 30. Bb5 Nd3+ 31. Kg2 Rc2+ 32. Kh3 Nf2+ 33. Kg2
Nxh1+ 34. Kxh1 Rd1+ 35. Bf1 Rxf1# 0-1

[Event "Campeonato de España Individual Femenino"]
[Site "Padron"]
[Date "2011.08.04"]
[Round "5"]
[White "Laseca Arana, Irati"]
[Black "Garcia Rodriguez, Sara"]
[Result "0-1"]
[WhiteElo "1478"]
[BlackElo "1926"]
[PlyCount "76"]
[EventDate "2011.08.01"]
[EventRounds "7"]
[EventCountry "ESP"]

1. e4 c5 2. Nc3 d6 3. g3 g6 4. Bg2 Bg7 5. d3 e6 6. f4 Ne7 7. Nf3 Nbc6 8. O-O
O-O 9. Be3 Nd4 10. Rb1 Nec6 11. Ne2 Qa5 12. a3 Qa4 13. Nexd4 cxd4 14. Bd2 Bd7
15. c3 Qxd1 16. Rfxd1 Rac8 17. c4 a6 18. b4 Na7 19. Rdc1 Rfd8 20. e5 dxe5 21.
Nxe5 Bxe5 22. fxe5 Bc6 23. Bg5 Rd7 24. Bf6 Rdc7 25. Kf2 Bxg2 26. Kxg2 Nb5 27.
Ra1 Nc3 28. Kf3 h6 29. g4 b5 30. c5 Rd7 31. Bh4 Nd5 32. Ke4 g5 33. Bg3 Rc6 34.
Rf1 Ne3 35. Rg1 Nxg4 36. h4 f5+ 37. exf6 Nxf6+ 38. Ke5 Kf7 0-1

[Event "Campeonato de España Individual Femenino"]
[Site "Padron"]
[Date "2011.08.05"]
[Round "6"]
[White "Hernandez Estevez, Yudania"]
[Black "Aranaz Murillo, Amalia"]
[Result "1-0"]
[WhiteElo "2252"]
[BlackElo "2176"]
[PlyCount "67"]
[EventDate "2011.08.01"]
[EventRounds "7"]
[EventCountry "ESP"]

1. e4 c6 2. Nc3 d5 3. Nf3 Bg4 4. h3 Bxf3 5. Qxf3 e6 6. Be2 g6 7. d4 Bg7 8. Be3
Nf6 9. exd5 cxd5 10. h4 Nc6 11. Qf4 Qb8 12. Qxb8+ Rxb8 13. h5 Nd7 14. O-O-O a6
15. Rh3 Nb6 16. Nb1 Rc8 17. c3 Ke7 18. Na3 Na4 19. Kb1 b5 20. Nc2 Nb6 21. Bf4
f6 22. Re1 Kf7 23. Ne3 g5 24. Bh2 h6 25. f4 Nc4 26. f5 exf5 27. Bxc4 bxc4 28.
Nxf5 Bf8 29. Rhe3 Rg8 30. g4 Rh8 31. Re6 a5 32. a4 Rh7 33. Kc2 Rh8 34. Bd6 1-0